000 00284nam a2200121Ia 4500
008 190216s9999||||xx |||||||||||||| ||und||
100 _aHarold Koontz & Cyril O`Donnell
245 0 _aEssentials Of Management
260 _bNull
300 _a475
650 _aCommerce
942 _cBK
999 _c7181
_d7181